<?xml version="1.0" encoding="UTF-8"?>
<record
    xmlns:xsi="http://www.w3.org/2001/XMLSchema-instance"
    xsi:schemaLocation="http://www.loc.gov/MARC21/slim http://www.loc.gov/standards/marcxml/schema/MARC21slim.xsd"
    xmlns="http://www.loc.gov/MARC21/slim">

  <leader>02322nam a2200313 a 4500</leader>
  <datafield tag="090" ind1=" " ind2=" ">
    <subfield code="a">IAVH</subfield>
    <subfield code="b">00634</subfield>
  </datafield>
  <datafield tag="041" ind1=" " ind2=" ">
    <subfield code="a">spa</subfield>
  </datafield>
  <datafield tag="110" ind1=" " ind2=" ">
    <subfield code="b">Asociaci&#xF3;n de Centros Educativos del Ca&#xF1;&#xF3;n del r&#xED;o Garrapatas</subfield>
    <subfield code="9">92509</subfield>
  </datafield>
  <datafield tag="245" ind1=" " ind2=" ">
    <subfield code="a">Consolidaci&#xF3;n del proceso de conservaci&#xF3;n comunitaria de la biodiversidad de la Reserva La Alejandr&#xED;a de la vereda La Hondura, municipio El Dovio, para ayudar a frenar el deterioro del ecosistema del Choc&#xF3; biogeogr&#xE1;fico</subfield>
  </datafield>
  <datafield tag="260" ind1=" " ind2=" ">
    <subfield code="a">Bogot&#xE1;</subfield>
    <subfield code="b">Instituto Alexander von Humboldt</subfield>
    <subfield code="b">ACERG</subfield>
    <subfield code="c">2006</subfield>
  </datafield>
  <datafield tag="300" ind1=" " ind2=" ">
    <subfield code="a">97 p.</subfield>
  </datafield>
  <datafield tag="505" ind1=" " ind2=" ">
    <subfield code="a">Producto 1:  Escritura de los predios de los bosques de La Alendr&#xED;a</subfield>
  </datafield>
  <datafield tag="505" ind1=" " ind2=" ">
    <subfield code="a">Producto 2: Carta de aprobaci&#xF3;n de afiliaci&#xF3;n a la Asociaci&#xF3;n de Centros Educativos del Ca&#xF1;&#xF3;n del R&#xED;o Garrapatas</subfield>
  </datafield>
  <datafield tag="505" ind1=" " ind2=" ">
    <subfield code="a">Producto 3: Comodato en el que la Alcald&#xED;a de El Dovio le hace entrega de la reserva a ACERG para su manejo y administraci&#xF3;n</subfield>
  </datafield>
  <datafield tag="505" ind1=" " ind2=" ">
    <subfield code="a">Producto 4: Convenio de alianza estrat&#xE9;gica suscrito entre la Alcald&#xED;a de El Dovio, la NG ACERG y la comunidad de la vereda LA HONDURA para el manejo de la reserva La Alejandr&#xED;a</subfield>
  </datafield>
  <datafield tag="505" ind1=" " ind2=" ">
    <subfield code="a">Documento 5: Documento con la caracterizaci&#xF3;n de aves, mam&#xED;feros y &#xE1;rboles de la reserva La Alejandr&#xED;a</subfield>
  </datafield>
  <datafield tag="505" ind1=" " ind2=" ">
    <subfield code="a">Producto 6: Documento Plan de Manejo Comunitario de la Reserva la Alejandr&#xED;a</subfield>
  </datafield>
  <datafield tag="505" ind1=" " ind2=" ">
    <subfield code="a">Producto 7: Mapas de la Reserva</subfield>
  </datafield>
  <datafield tag="520" ind1=" " ind2=" ">
    <subfield code="a">Este informe presenta en primer lugar una Caracterizaci&#xF3;n de la Reserva La Alejandr&#xED;am que incluye: a. Inventario y descripci&#xF3;n de aves; b. Inventario preliminar de mam&#xED;feros encontrados en la Reserva La Alejandr&#xED;a sus bosques anexos; c. Inventario de &#xE1;rboles encontrados en la Reserva la Alejandr&#xED;a y sus bosques anexos. En segundo lugar se presenta el Plan de Trabajo Comunitario que comprende: antecedentes, ubicaci&#xF3;n geogr&#xE1;fica, idetificaci&#xF3;n de objetivos de conservaci&#xF3;n, matriz DOFA, situaciones priorizadas, Plan de manejo: estrategias, actividades y actores responsables.</subfield>
  </datafield>
  <datafield tag="650" ind1=" " ind2=" ">
    <subfield code="a">Conservaci&#xF3;n</subfield>
    <subfield code="9">92401</subfield>
  </datafield>
  <datafield tag="650" ind1=" " ind2=" ">
    <subfield code="a">Biodiversidad</subfield>
    <subfield code="9">92204</subfield>
  </datafield>
  <datafield tag="650" ind1=" " ind2=" ">
    <subfield code="a">Caracterizaci&#xF3;n biol&#xF3;gica</subfield>
    <subfield code="9">2833</subfield>
  </datafield>
  <datafield tag="650" ind1=" " ind2=" ">
    <subfield code="a">Avifauna</subfield>
    <subfield code="9">92441</subfield>
  </datafield>
  <datafield tag="650" ind1=" " ind2=" ">
    <subfield code="a">Mam&#xED;feros</subfield>
    <subfield code="9">92510</subfield>
  </datafield>
  <datafield tag="650" ind1=" " ind2=" ">
    <subfield code="a">Arboles</subfield>
    <subfield code="9">92511</subfield>
  </datafield>
  <datafield tag="650" ind1=" " ind2=" ">
    <subfield code="a">Educaci&#xF3;n ambiental</subfield>
    <subfield code="9">162</subfield>
  </datafield>
  <datafield tag="650" ind1=" " ind2=" ">
    <subfield code="a">Recuperaci&#xF3;n de ecosistemas</subfield>
    <subfield code="9">3503</subfield>
  </datafield>
  <datafield tag="662" ind1=" " ind2=" ">
    <subfield code="c">Colombia</subfield>
    <subfield code="d">El Dovio</subfield>
    <subfield code="b">Valle del Cauca</subfield>
  </datafield>
  <datafield tag="999" ind1=" " ind2=" ">
    <subfield code="c">6139</subfield>
    <subfield code="d">6139</subfield>
  </datafield>
</record>
